Pozemní stavitelství III : šikmé a strmé střechy /

Hlavní autor: Matějka, Libor, 1960-
Korporativní autor: Vysoké učení technické v Brně. Stavební fakulta
Jazyk: Čeština
Vydáno: Brno : Akademické nakladatelství CERM, 2007
Vydání: Vyd. 1.
Edice: Studijní opory pro studijní programy s kombinovanou formou studia
Témata:
Fyzický popis: 324 s. : il. ; 30 cm
Knihy
Uloženo v:
LEADER 02332nam a2200565 a 4500
001 nkc20081786271
003 CZ PrNK
005 20080402121759.0
007 ta
008 080109s2007 xr a e p 000 0 cze
015 |a cnb001786271 
020 |a 978-80-7204-540-2  |q (brož.) 
035 |a (OCoLC)228605392 
040 |a OLA001  |b cze 
072 7 |a 692  |x Konstrukční prvky a části staveb  |2 Konspekt  |9 19 
072 7 |a 37.016  |x Učební osnovy. Vyučovací předměty. Učebnice  |2 Konspekt  |9 22 
080 |a 692.42  |2 MRF 
080 |a 692.415  |2 MRF 
080 |a (075.8)  |2 MRF 
100 1 |a Matějka, Libor,  |d 1960-  |7 mzk2003174138  |4 aut 
245 1 0 |a Pozemní stavitelství III :  |b šikmé a strmé střechy /  |c Libor Matějka 
246 3 0 |a Šikmé a strmé střechy 
250 |a Vyd. 1. 
260 |a Brno :  |b Akademické nakladatelství CERM,  |c 2007 
300 |a 324 s. :  |b il. ;  |c 30 cm 
490 1 |a Studijní opory pro studijní programy s kombinovanou formou studia 
500 |a Nad názvem: Vysoké učení technické v Brně, Fakulta stavební 
500 |a Údaj v tiráži: Modul BH05-M01 
504 |a Obsahuje bibliografii 
650 0 7 |a šikmé střechy  |7 ph333396  |2 czenas 
650 0 7 |a strmé střechy  |7 ph437922  |2 czenas 
650 0 7 |a krovy  |7 ph121970  |2 czenas 
650 0 7 |a střešní krytiny  |7 ph126247  |2 czenas 
650 0 9 |a slanting roofs  |2 eczenas 
650 0 9 |a steep roofs  |2 eczenas 
650 0 9 |a roof trusses  |2 eczenas 
650 0 9 |a roofing materials  |2 eczenas 
655 7 |a učebnice vysokých škol  |7 fd133772  |2 czenas 
655 9 |a textbooks (higher)  |2 eczenas 
710 2 |a Vysoké učení technické v Brně.  |b Stavební fakulta  |7 kn20010709423 
830 0 |a Studijní opory pro studijní programy s kombinovanou formou studia  |0 s 
910 2 |a BOA001  |b 4-1198.469 
928 9 |a CERM 
990 |a BK 
995 |a 01 
991 |b 200802  |c NOV 
996 6 |b 2610332912  |c 4-1198.469  |l MZK  |r Sklad / do 1 hodiny  |n 0  |p p.v.  |w 000885213  |u 000010  |a 1  |e BOA001  |j MZK50  |s P 
996 7 |b 2610332913  |c 4-1198.469  |l MZK  |r Sklad / do 1 hodiny  |n 28  |p p.v.  |w 000885213  |u 000020  |a 1  |e BOA001  |j MZK50  |s A 
996 7 |b 2610338615  |c 4-1198.469  |l MZK  |r Sklad / do 1 hodiny  |n 25  |p kup  |w 000885213  |u 000030  |a 1  |e BOA001  |j MZK50  |s A 
996 7 |b 2610338616  |c 4-1198.469  |l MZK  |r Sklad / do 1 hodiny  |n 21  |p kup  |w 000885213  |u 000040  |a 1  |e BOA001  |j MZK50  |s A